LDR 00761naa#a2200169#i#450# 001 RU\\bibl\121782 005 20260514115417.4 011 ## _a2658-638X 100 ## _a20251215b2025####ek#y0rusy0150####ca 102 ## _aRU 200 1# _aПсихологические аспекты клипового мышления у сотрудников органов внутренних дел _eЖурнальная статья 210 1# _aМосква _cМосковский университет МВД России имени В.Я. Кикотя _d2025 215 ## _a2 с. 608 ## _aЖурнальная статья _2local 675 ## _aФилософия. Психология. 1 _z 700 #1 _aПавлова _gАлександра Андреевна 856 4# _amosumvd.editorum.ru _u